000 00923nam a22002057a 4500
005 20240328111217.0
010 _aHIN-127216
020 _a9788195954742
_c1100.00
035 _aHN-99562
037 _bDBAD
082 _a070
100 _aआज़ाद, ए आर
_964038
245 _aसामना; शख़्सियत से साक्षात्कारनगर/
_cए आर आज़ाद और एस आर आज़मी
250 _a1
260 _a नई दिल्ली
_bदूसरा मत प्रकाशन
_c2023
270 _a81-बी, सैनिक विहार, फेज-2, मोहन गार्डन, उत्तम नगर,
_b नई दिल्ली
_e110059
300 _a800 पृ;
_c23 सेमी (सजिल्द)
700 _aआज़मी, एस आर
_963902
942 _adpl
_cHN
_2ddc
_h070
_mआज़ाद
999 _c201758
_d201758